| 000 | 00402nam a2200157Ia 4500 | ||
|---|---|---|---|
| 008 | 230711s9999||||xx |||||||||||||| ||und|| | ||
| 041 | _aENG | ||
| 082 |
_a624 _bSA-H |
||
| 100 | _aTakamoto Saito | ||
| 245 | 0 | _aHeat pumps : solving energy and environmental challenges | |
| 250 | _a1st . Ed. | ||
| 260 |
_c1990 _aNew Delhi _bPenguin Books |
||
| 300 | _a996 | ||
| 650 | _aCivil Engineering | ||
| 942 | _cBK | ||
| 999 |
_c1854 _d1854 |
||